Textos morazanicos /
Salvato in:
| Autori principali: | , , |
|---|---|
| Natura: | Sconosciuto |
| Lingua: | Spanish |
| Pubblicazione: |
Tegucigalpa, Honduras :
Departamento de Publicaciones y Artes gráficas de la Secretaría de Cultura,
1992.
|
| Soggetti: | |
| Tags: |
Aggiungi Tag
Nessun Tag, puoi essere il primo ad aggiungerne!!
|
MARC
| LEADER | 000000000a22000000004500 | ||
|---|---|---|---|
| 001 | 001568 | ||
| 041 | 0 | |a spa | |
| 082 | 0 | 4 | |a 972.804.092 |b M832t |
| 100 | 1 | |a Chávez Orozco, Luis | |
| 100 | 1 | |a Contreras, Álvaro | |
| 100 | 1 | |a Rivas, Pedro | |
| 245 | 1 | 0 | |a Textos morazanicos / |c Luis Chávez Orozco, Álvaro Contreras, Pedro Rivas. |
| 260 | 1 | |a Tegucigalpa, Honduras : |b Departamento de Publicaciones y Artes gráficas de la Secretaría de Cultura, |c 1992. | |
| 300 | |a 29 páginas | ||
| 505 | |a Contenido: Morazá, héroe continental / Luis Chávez Orozco -- Discurso de Álvaro Contreras / Álvaro Contreras -- Consideraciones militares e históricas sobre la Batalla de la Trinidad / Pedro Rivas | ||
| 650 | 4 | |a MORAZAN, FRANCISCO, 1792-1842 | |
| 999 | |c 8271 |d 8271 | ||
| 942 | |c BK |h 972.804.092 M832t |2 z | ||
